=LDR 00000nam 2200000 4500 =001 INLIS000000000032659 =005 20200416015349 =035 ##$$a 0010-061300000032659 =008 200416################g##########0#ind## =041 ##$$a ind =082 ##$$a 2x3.151 =090 ##$$a 2x3.151, Shi p =100 ##$$a Shihab, Othman =245 1#$$a Pintu-Pintu Kesalehan : $b Perjalanan ruhani menggapai kebahagiaan sejati /$c Othman Shihab; Penyunting, Halim anbiya =260 ##$$a Bandung,$c 2007 =300 ##$$a vi,258 hal ; $c 15 x 15 cm =650 #4$$a Imam-Islam =850 ##$$a NBPNMAT =020 ##$$a 978-979-114-082-9 =084 ##$$a 2x3.151 SHI p =250 ##$$a cet. 1 =990 ##$$a 2101339 =990 ##$$a 2101337